[Event "14th SRB-ch Women 2020"]
[Site "Vrnjacka Banja"]
[Date "2020.12.11"]
[Round "6.3"]
[White "Drljevic, Ljilja"]
[Black "Gajcin, Marina"]
[Result "0-1"]
[WhiteElo "2174"]
[BlackElo "2239"]
[Annotator "TA"]
[PlyCount "106"]
[EventDate "2020.12.07"]
[EventType "tourn"]
[EventCountry "SRB"]
[SourceTitle "playchess.com"]
[Source "ChessBase"]
[SourceQuality "1"]

{[%evp 15,106,8,10,10,14,0,0,0,0,0,0,0,4,0,0,-3,-3,-10,-8,-12,-18,-51,-47,-50,-36,-95,-19,-20,-22,-20,0,-18,-4,-25,0,-35,-23,-93,-24,-45,-45,-43,-31,-45,-47,-36,-30,-106,-104,-104,-100,-109,-104,-68,-82,-90,-97,-65,-71,-112,-112,-229,-233,-181,-44,-479,-469,-568,-550,-726,-717,-737,-730,-647,-433,-1050,-1043,-1030,-1029,-988,-975,-1018,-1007,-1649,-1598,-29991,-12841,-29995,-29996,-29997,-29998,-29998,-29999]} 1. e4 c5 2. Nf3 d6 3. Bb5+ Nd7 4. c3 Ngf6 5. Qe2 a6 6. Ba4 b5 7. Bc2 Bb7 8. O-O e6 9. d4 {B51: Sicilian: Moscow Variation (3 Bb5+) without 3...Bd7.} Be7 10. Nbd2 {Nowadays more popular than 10.Re1.} Qc7 11. Bd3 {The position is equal.} O-O 12. a4 c4 13. Bc2 e5 14. Re1 Rfe8 {[#]} 15. d5 $146 ({Predecessor:} 15. Nf1 Bf8 16. d5 Nc5 17. h3 Nfd7 18. Ne3 Nd3 19. Bxd3 cxd3 20. Qxd3 Nc5 21. Qc2 bxa4 {½-½ (48) Kirk,E (2408)-Fressinet,L (2651) England 2018}) 15... Nc5 16. Nf1 Reb8 17. N3d2 Bc8 18. Ne3 g6 19. Qf1 Bd7 20. h3 ({Better is} 20. f4 $15) 20... bxa4 (20... Nh5 $17) 21. Qxc4 $11 Bb5 22. Qa2 Nh5 23. g3 Qc8 24. Kh2 Bd7 25. h4 Qd8 26. Nf3 (26. Kg1 $11) 26... Ra7 (26... Nb3 $17 27. Bxb3 Rxb3) 27. Qc4 Bb5 28. Qa2 Nf6 29. Nd2 Rab7 30. Kg2 Qc8 31. Nec4 {[#]} (31. Qb1 $11 {keeps the balance.}) 31... Nb3 $1 $17 {[%mdl 512]} 32. Bxb3 axb3 33. Qxb3 {[#]} Rc7 $1 {[%cal Rb5c4]} 34. Na5 {[#]} Bf1+ $1 {[%mdl 576] Discovered Attack} 35. Nxf1 Rxb3 36. Nxb3 Nh5 37. Na5 f5 38. exf5 (38. Ra3 $17 {was worth a try.}) 38... gxf5 $19 ({Weaker is} 38... Qxf5 39. Ne3 $11) 39. Nc6 {[#]} f4 ({Black should play} 39... Bxh4 $1 $19 {[%mdl 512]} 40. gxh4 f4) 40. c4 $2 {[%mdl 8192] [#] Loses the game.} (40. Bxf4 $1 $15 Nxf4+ 41. gxf4) 40... Bxh4 $1 {[%mdl 512]} 41. Ra3 (41. gxh4 Qg4+) 41... Rg7 42. Rb3 {Strongly threatening Rb8.} Qf5 43. Rb8+ Kf7 44. Rb7+ Kf6 45. Rb8 (45. Rxg7 $142 Kxg7 46. gxh4 Qg4+ {[%mdl 64] Double Attack} 47. Kh2) 45... fxg3 46. Rf8+ Rf7 47. Rxf7+ Kxf7 48. fxg3 Qc2+ {[%mdl 64] Double Attack} 49. Kh3 Qf2 {[%mdl 64] Double Attack} 50. Bd2 Nxg3 (50... Bxg3 $142 51. Nd8+ Kg8 52. Ne6 Qf3 53. Ng5 Qh1+ 54. Kg4 Qh4+ 55. Kf3 Bxe1 56. c5 Qf2+ {[%mdl 64] Double Attack} 57. Ke4 Qxf1 58. Bxe1 Nf6+ {[%mdl 64] Zwischenzug} 59. Ke3 Qxe1+ 60. Kd3 Qd1+ 61. Ke3 Qg1+ 62. Kd3 Qg3+ 63. Kc2 Qxg5 64. cxd6 e4 65. b4 Qxd5 66. b5 axb5 67. d7 Nxd7 68. Kc3 e3 69. Kb4 e2 70. Kc3 e1=Q+ 71. Kc2 Qf2+ 72. Kc3 Qfd2#) 51. Kxh4 Nxf1+ {[%mdl 64] Discovered Attack. Black mates.} 52. Kg4 Qg3+ 53. Kh5 Qh3+ {Weighted Error Value: White=0.80/Black=0.30} 0-1

[Event "14th SRB-ch Women 2020"]
[Site "Vrnjacka Banja"]
[Date "2020.12.11"]
[Round "6.4"]
[White "Benderac, Ana"]
[Black "Rapport, Jovana"]
[Result "1/2-1/2"]
[WhiteElo "2202"]
[BlackElo "2308"]
[Annotator "TA"]
[PlyCount "35"]
[EventDate "2020.12.07"]
[EventType "tourn"]
[EventCountry "SRB"]
[SourceTitle "playchess.com"]
[Source "ChessBase"]
[SourceQuality "1"]

{[%evp 9,35,-25,-20,-20,-27,-37,1,-11,-14,-4,-22,-21,15,0,0,0,29,0,-20,-2,-2,-20,-3,0,6,2,9,9]} 1. g3 d5 2. Bg2 e5 3. d3 Nf6 4. Nc3 d4 5. Ne4 Nxe4 6. Bxe4 {[#] A00: Irregular Openings.} Bc5 $146 ({Predecessor:} 6... Bd6 7. e3 dxe3 8. Bxe3 f5 9. Bg2 O-O 10. Nf3 Nc6 11. O-O Bd7 12. c4 f4 {0-1 (23) Vaino,N (1788)-Illina,N (2081) Murmansk 2020}) 7. e3 Qe7 8. Ne2 dxe3 9. Bxe3 Bxe3 10. fxe3 Qb4+ 11. Qd2 Qxb2 12. O-O {[#] aiming for Rab1.} c6 13. Rab1 Qa3 $1 {The position is equal.} 14. Bf5 Bxf5 15. Rxf5 Qe7 16. Qb4 $1 {[%cal Rb4e7]} Qxb4 17. Rxb4 Nd7 18. Rxb7 {Not much happened in this game.  Weighted Error Value: White=0.09/Black=0.09} 1/2-1/2

[Event "14th SRB-ch Women 2020"]
[Site "Vrnjacka Banja"]
[Date "2020.12.11"]
[Round "6.5"]
[White "Prudnikova, Svetlana"]
[Black "Srdanovic, Jovana"]
[Result "1/2-1/2"]
[WhiteElo "2181"]
[BlackElo "2149"]
[Annotator "TA"]
[PlyCount "37"]
[EventDate "2020.12.07"]
[EventType "tourn"]
[EventCountry "SRB"]
[SourceTitle "playchess.com"]
[Source "ChessBase"]
[SourceQuality "1"]

{[%evp 27,37,13,13,0,16,20,18,0,8,0,24,0]} 1. d4 d5 2. Nf3 Nf6 3. c4 c6 4. e3 a6 5. Nc3 e6 6. Bd3 dxc4 7. Bxc4 c5 8. O-O b5 9. Bd3 Bb7 10. dxc5 Bxc5 11. Qe2 Nbd7 12. e4 b4 13. Na4 Be7 14. b3 O-O 15. Bf4 {[#] D48: Semi-Slav: Meran System: 7...b5 8 Bd3 a6.} Nh5 $146 ({Predecessor:} 15... Qa5 16. Rfe1 Rfd8 17. Rac1 Rdc8 18. Nd2 Qd8 19. Nc4 Bc6 20. Nd6 Bxd6 21. Bxd6 Bxa4 22. bxa4 Qa5 23. Bxa6 Rxc1 24. Rxc1 Qxa4 25. Bb7 Rd8 {0-1 (42) Feletar,D (2392)-Mrkonjic,N (2352) Osijek 2005}) 16. Be3 Nhf6 17. Bf4 Nh5 18. Be3 Nhf6 19. Bf4 {Not much happened in this game. Not enough moves} 1/2-1/2

[Event "14th SRB-ch Women 2020"]
[Site "Vrnjacka Banja"]
[Date "2020.12.11"]
[Round "7.1"]
[White "Srdanovic, Jovana"]
[Black "Velikic, Adela"]
[Result "0-1"]
[WhiteElo "2149"]
[BlackElo "2278"]
[Annotator "ChessBase"]
[PlyCount "94"]
[EventDate "2020.12.07"]
[EventType "tourn"]
[EventCountry "SRB"]
[SourceTitle "playchess.com"]
[Source "ChessBase"]
[SourceQuality "1"]
[TimeControl "40/5400+30:1800+30"]

1. d4 {[%emt 0:00:00]} d5 {[%emt 0:00:00]} 2. c4 {[%emt 0:00:00]} c6 {[%emt 0:00:00]} 3. Nc3 {[%emt 0:00:00]} Nf6 {[%emt 0:00:00]} 4. Nf3 {[%emt 0:00:00]} dxc4 {[%emt 0:00:07]} 5. a4 {[%emt 0:00:01]} Bf5 {[%emt 0:00:07]} 6. Ne5 {[%emt 0:03:10]} Nbd7 {[%emt 0:01:45]} 7. Nxc4 {[%emt 0:00:07]} Qc7 {[%emt 0:00:27]} 8. g3 {[%emt 0:02:11]} e5 {[%emt 0:00:13]} 9. dxe5 {[%emt 0:01:22]} Nxe5 {[%emt 0:00:08]} 10. Nxe5 {[%emt 0:00:34]} Qxe5 {[%emt 0:00:20]} 11. Bf4 {[%emt 0:01:19]} Qe6 {[%emt 0:05:48]} 12. Bg2 {[%emt 0:06:38]} Bc5 {[%emt 0:08:46]} 13. O-O {[%emt 0:00:33]} O-O {[%emt 0:01:01]} 14. a5 {[%emt 0:05:02]} Bh3 {[%emt 0:12:01]} 15. Qd3 {[%emt 0:04:41]} Bxg2 {[%emt 0:14:12]} 16. Kxg2 {[%emt 0:00:07]} Bb4 {[%emt 0:06:32]} 17. a6 {[%emt 0:11:50]} b6 {[%emt 0:03:20]} 18. Na2 {[%emt 0:02:46]} Rfd8 {[%emt 0:07:39]} 19. Qe3 {[%emt 0:02:04]} Qxe3 {[%emt 0:01:50]} 20. Bxe3 {[%emt 0:00:06]} Bd2 {[%emt 0:01:03]} 21. Bxd2 {[%emt 0:10:00]} Rxd2 {[%emt 0:00:05]} 22. Rab1 {[%emt 0:00:03]} Rxe2 {[%emt 0:06:22]} 23. Rfe1 {[%emt 0:01:06]} Rxe1 {[%emt 0:03:58]} 24. Rxe1 {[%emt 0:00:04]} Nd5 {[%emt 0:01:04]} 25. Rc1 {[%emt 0:01:45]} c5 {[%emt 0:04:04]} 26. Rd1 {[%emt 0:03:27]} Nc7 {[%emt 0:03:36]} 27. Nc3 {[%emt 0:00:03]} Kf8 {[%emt 0:04:23]} 28. Rd7 {[%emt 0:00:46]} Rc8 {[%emt 0:03:39]} 29. Nd5 {[%emt 0:02:28]} Nxd5 {[%emt 0:01:08]} 30. Rxd5 {[%emt 0:00:05]} Ke7 {[%emt 0:00:38]} 31. Kf3 {[%emt 0:00:14]} Rc6 {[%emt 0:02:34]} 32. Rh5 {[%emt 0:08:06]} h6 {[%emt 0:00:25]} 33. Ke3 {[%emt 0:02:24]} Rd6 {[%emt 0:01:44]} 34. Rh4 {[%emt 0:01:59]} Rd1 {[%emt 0:02:21]} 35. Re4+ {[%emt 0:04:06]} Kf8 {[%emt 0:02:04]} 36. Rc4 {[%emt 0:03:26]} Rb1 {[%emt 0:00:22]} 37. Rc2 {[%emt 0:00:06]} Ke7 {[%emt 0:00:21]} 38. Rd2 {[%emt 0:00:17]} Ra1 {[%emt 0:00:20]} 39. Ke4 {[%emt 0:00:11]} Rxa6 {[%emt 0:01:04]} 40. Kd5 {[%emt 0:00:39]} Kd7 {[%emt 0:01:25]} 41. b4 {[%emt 0:30:06]} cxb4 {[%emt 0:31:18]} 42. Kc4+ {[%emt 0:00:05]} Kc6 {[%emt 0:00:42]} 43. Kxb4 {[%emt 0:00:06]} Ra5 {[%emt 0:00:42]} 44. Rd8 {[%emt 0:00:12]} Ra2 {[%emt 0:00:59]} 45. f4 {[%emt 0:00:16]} a5+ {[%emt 0:00:54]} 46. Kc4 {[%emt 0:00:34]} Rc2+ {[%emt 0:00:00]} 47. Kb3 {[%emt 0:00:00]} Rxh2 {[%emt 0:00:00]} 0-1

[Event "14th SRB-ch Women 2020"]
[Site "Vrnjacka Banja"]
[Date "2020.12.11"]
[Round "7.2"]
[White "Rapport, Jovana"]
[Black "Prudnikova, Svetlana"]
[Result "1-0"]
[WhiteElo "2308"]
[BlackElo "2181"]
[Annotator "ChessBase"]
[PlyCount "41"]
[EventDate "2020.12.07"]
[EventType "tourn"]
[EventCountry "SRB"]
[SourceTitle "playchess.com"]
[Source "ChessBase"]
[SourceQuality "1"]
[TimeControl "40/5400+30:1800+30"]

1. Nf3 {[%emt 0:00:00]} c5 {[%emt 0:00:22]} 2. c4 {[%emt 0:03:27]} Nc6 {[%emt 0:01:33]} 3. d4 {[%emt 0:00:21]} cxd4 {[%emt 0:01:31]} 4. Nxd4 {[%emt 0:01:53]} g6 {[%emt 0:00:10]} 5. e4 {[%emt 0:00:46]} Bg7 {[%emt 0:00:05]} 6. Be3 {[%emt 0:00:08]} Qb6 {[%emt 0:02:52]} 7. Nb3 {[%emt 0:10:01]} Qd8 {[%emt 0:02:43]} 8. Qd2 {[%emt 0:02:22]} Nf6 {[%emt 0:00:24]} 9. Nc3 {[%emt 0:00:16]} d6 {[%emt 0:05:07]} 10. f3 {[%emt 0:04:44]} O-O {[%emt 0:00:56]} 11. Be2 {[%emt 0:00:19]} a5 {[%emt 0:02:19]} 12. Na4 {[%emt 0:04:28]} Nd7 {[%emt 0:03:20]} 13. h4 {[%emt 0:00:54]} b6 {[%emt 0:10:26]} 14. h5 {[%emt 0:09:39]} Re8 {[%emt 0:08:48]} 15. hxg6 {[%emt 0:05:20]} hxg6 {[%emt 0:00:02]} 16. Bh6 {[%emt 0:00:30]} Bh8 {[%emt 0:00:04]} 17. O-O-O {[%emt 0:09:33]} Ba6 {[%emt 0:08:03]} 18. Rh3 {[%emt 0:01:50]} Nc5 {[%emt 0:09:34]} 19. Rdh1 {[%emt 0:08:11]} Nxb3+ {[%emt 0:12:19]} 20. axb3 {[%emt 0:00:12]} Nd4 {[%emt 0:01:47]} 21. Bf8 {[%emt 0:00:37]} 1-0

[Event "14th SRB-ch Women 2020"]
[Site "Vrnjacka Banja"]
[Date "2020.12.11"]
[Round "7.3"]
[White "Gajcin, Marina"]
[Black "Benderac, Ana"]
[Result "0-1"]
[WhiteElo "2239"]
[BlackElo "2202"]
[Annotator "TA"]
[PlyCount "126"]
[EventDate "2020.12.07"]
[EventType "tourn"]
[EventCountry "SRB"]
[SourceTitle "playchess.com"]
[Source "ChessBase"]
[SourceQuality "1"]

{[%evp 12,126,87,83,86,73,64,42,55,43,43,51,35,3,37,26,47,24,47,-65,51,-44,0,-181,-175,-174,-176,-160,-181,-242,-251,-252,-257,-244,-241,-234,-207,-277,-250,-293,-191,-192,-175,-197,-197,-195,-185,-204,-207,-202,-202,-206,-191,-181,-181,-190,-169,-217,-220,-270,-116,-273,-246,-297,-289,-377,-362,-350,-364,-357,-339,-380,-397,-418,-39,-24,-26,-36,0,-221,-221,-217,-207,-206,-203,-195,-180,-277,-249,-321,-245,-383,-385,-414,-423,-396,-412,-473,-453,-542,-501,-574,-439,-1016,-3449,-5057,-12374,-29973,-29967,-29980,-29981,-29983,-29978,-29985,-29986,-29989,-29990]} 1. e4 d6 2. d4 g6 3. Nc3 Bg7 4. Be3 Nf6 5. Qd2 Ng4 6. Bg5 h6 7. Bh4 $1 O-O {B07: Pirc Defence: Miscellaneous Systems.} 8. f3 Nf6 9. O-O-O c6 {White is slightly better.} 10. Bf2 b5 {[#]} 11. Kb1 $146 ({Predecessor:} 11. Be3 Kh7 12. g4 Nfd7 13. h4 Nb6 14. Nh3 Nc4 15. Bxc4 bxc4 16. h5 g5 17. Bxg5 hxg5 18. Nxg5+ {1-0 (29) Dodu,I (1843)-Kodric,T (1497) Maribor 2012}) 11... Nbd7 12. h4 Nb6 13. h5 g5 14. Bd3 e5 15. Nce2 (15. dxe5 $14 dxe5 16. Nh3) 15... Qe7 (15... exd4 $1 $15 16. Nxd4 (16. Bxd4 c5 $17) 16... Bd7) 16. g3 (16. Nh3 $14) 16... Be6 17. f4 $2 (17. dxe5 $11 {and White stays safe.} dxe5 18. g4) 17... Ng4 $19 18. Nh3 {[%cal Rf4g5]} Nxf2 19. Nxf2 exd4 20. f5 (20. Rhe1 $142) 20... Bd7 21. Ng4 c5 22. Rhf1 {aiming for f6.} f6 23. Nc1 Bc6 24. Rde1 Nd7 (24... c4 25. Be2 $17) 25. c3 Ne5 {Strongly threatening ...dxc3.} 26. cxd4 Nxg4 27. Qe2 c4 ({Weaker is} 27... cxd4 28. Qxg4 a5 29. Nb3 $11) 28. Bxc4+ bxc4 29. Qxc4+ Qf7 $1 {[%cal Rf7c4]} 30. Qxc6 Qxh5 31. Qxd6 Rfd8 32. Qa6 {intending Qe2.} Qf7 33. Nb3 Bf8 34. Qe2 h5 35. e5 Qh7 (35... fxe5 $19 {has better winning chances.} 36. dxe5 Rd5) 36. Rc1 $2 (36. e6 $17) 36... Rd5 37. Qe4 {[#]} Rad8 $1 38. Rc6 fxe5 39. Rg6+ Kh8 40. Rxg5 Nf6 ({Resist} 40... exd4 41. Rh1 $19) 41. Qh4 exd4 42. Rg6 Bg7 $2 (42... Ng4 $19 43. Qg5 R8d6) 43. Rxf6 $15 Bxf6 44. Qxf6+ Kg8 (44... Qg7 $5 {[%cal Rg7f6]} 45. Qh4 Rf8 46. Qxh5+ Qh7 $17) 45. Nc5 $2 {[#] Black keeps a firm grip on the game.} (45. Qg5+ $1 $11 {and White is okay.} Kf7 46. Qf4) 45... Rf8 $1 $40 {[%cal Rf8f6][%mdl 128] Black has strong attack.} 46. Ne4 {Hoping for Qe6+.} Rxf5 47. Qe6+ Kh8 48. Rd1 Qg7 49. Qc4 (49. Qd6 $142) 49... Rd8 50. Nc5 Qf7 51. Qc1 (51. Qxf7 {only move.} Rxf7 52. a3) 51... Qh7 {( -> ...Rxc5+)} 52. Ka1 Rc8 53. b4 {[#]} a5 $1 54. Qb2 (54. bxa5 Rfxc5) 54... axb4 55. Ne6 Kg8 56. Nxd4 Rd5 57. Qxb4 (57. Qb3 $142 Qf7 58. Ne2 Rxd1+ 59. Qxd1) 57... Rcd8 58. Qc4 Kh8 59. Kb2 Qg7 {Black mates.} 60. Kc3 Qxg3+ 61. Rd3 Qe1+ 62. Kc2 Qe5 63. Kc3 {[#]} Rc5 $1 {Weighted Error Value: White=0.58/Black=0.24} 0-1

[Event "14th SRB-ch Women 2020"]
[Site "Vrnjacka Banja"]
[Date "2020.12.11"]
[Round "7.4"]
[White "Injac, Teodora"]
[Black "Drljevic, Ljilja"]
[Result "1/2-1/2"]
[WhiteElo "2290"]
[BlackElo "2174"]
[Annotator "ChessBase"]
[PlyCount "37"]
[EventDate "2020.12.07"]
[EventType "tourn"]
[EventCountry "SRB"]
[SourceTitle "playchess.com"]
[Source "ChessBase"]
[SourceQuality "1"]
[TimeControl "40/5400+30:1800+30"]

1. Nf3 {[%emt 0:00:00]} Nf6 {[%emt 0:00:00]} 2. d4 {[%emt 0:00:00]} d5 {[%emt 0:02:25]} 3. c4 {[%emt 0:00:25]} e6 {[%emt 0:00:16]} 4. Nc3 {[%emt 0:02:29]} dxc4 {[%emt 0:00:11]} 5. e4 {[%emt 0:14:12]} b5 {[%emt 0:00:31]} 6. e5 {[%emt 0:00:17]} Nd5 {[%emt 0:00:04]} 7. Nxb5 {[%emt 0:00:12]} Nb6 {[%emt 0:00:03]} 8. Be2 {[%emt 0:01:08]} Nc6 {[%emt 0:09:14]} 9. O-O {[%emt 0:03:05]} Rb8 {[%emt 0:03:55]} 10. Bg5 {[%emt 0:08:21]} Qd7 {[%emt 0:05:54]} 11. b3 {[%emt 0:15:40]} Na5 {[%emt 0:35:43]} 12. Nc3 {[%emt 0:00:47]} Bb7 {[%emt 0:03:55]} 13. Bd2 {[%emt 0:08:06]} Be7 {[%emt 0:10:47]} 14. Na4 {[%emt 0:13:11]} Nxa4 {[%emt 0:04:14]} 15. bxa4 {[%emt 0:00:27]} Nc6 {[%emt 0:06:13]} 16. Be3 {[%emt 0:01:41]} Na5 {[%emt 0:01:37]} 17. Bd2 {[%emt 0:00:44]} Nc6 {[%emt 0:00:23]} 18. Be3 {[%emt 0:00:13]} Na5 {[%emt 0:01:18]} 19. Bd2 {[%emt 0:08:24]} 1/2-1/2

[Event "14th SRB-ch Women 2020"]
[Site "Vrnjacka Banja"]
[Date "2020.12.11"]
[Round "7.5"]
[White "Eric, Jovana"]
[Black "Chelushkina, Irina"]
[Result "0-1"]
[WhiteElo "2278"]
[BlackElo "2224"]
[Annotator "TA"]
[PlyCount "94"]
[EventDate "2020.12.07"]
[EventType "tourn"]
[EventCountry "SRB"]
[SourceTitle "playchess.com"]
[Source "ChessBase"]
[SourceQuality "1"]

{[%evp 12,94,83,0,9,0,26,23,37,26,24,18,21,0,0,0,13,20,42,25,133,135,172,0,128,8,0,0,11,-24,-35,-93,-50,-114,-115,-152,-156,-302,-150,-193,-131,-129,-130,-158,-151,-177,-125,-136,-85,-110,-85,-158,-156,-146,-159,-169,-173,-170,-162,-191,-186,-166,-181,-302,-299,-450,-298,-312,-270,-337,-309,-347,-317,-433,-437,-428,-437,-592,-571,-539,-490,-468,-436,-1076,-1076]} 1. e4 c5 2. Nf3 a6 3. d4 cxd4 4. Nxd4 Nf6 5. Nc3 d6 6. Be3 b5 7. f3 {The main line 7.f3 scores better than 7.a3.} (7. Nd5 $16 {Nxb5! is the strong threat.} Bb7 8. a4) 7... Bb7 {B90: Sicilian Najdorf: Unusual White 6th moves, 6 Be3 Ng4 and 6 Be3 e5.} 8. Qd2 Nbd7 9. a3 g6 {White has an edge.} 10. O-O-O h5 11. Kb1 Bg7 12. h4 Rc8 13. Be2 {[#]} Nc5 $146 ({Predecessor:} 13... Qc7 14. Na2 Ne5 15. Nb3 Nc4 16. Bxc4 Qxc4 17. Na5 Qc7 18. Nxb7 Qxb7 19. Bd4 Rc4 {1-0 (28) Eswaran,A (2244)-Nguyen,T (2285) chess.com INT 2020}) 14. Rhe1 O-O 15. Bh6 Kh7 (15... e6 $11 {keeps the balance.}) 16. Bxg7 $16 Kxg7 {[#]} 17. Qg5 $2 ({Only move:} 17. e5 $1 $18 {[%mdl 512]}) 17... Nh7 (17... e6 $1 $11 {remains equal.}) 18. Qe3 (18. Qg3 $1 $16) 18... e5 $36 {[%mdl 2048] Black is more active.} 19. Nb3 $1 Qxh4 20. Rh1 Qe7 21. Qf2 (21. Nxc5 $15 Rxc5 22. Rd3) 21... Ne6 22. Na5 (22. Rd2 $15) 22... Ba8 $1 $17 23. Bd3 Nf6 24. g3 {[#]} (24. Na2 $17) 24... Rh8 (24... Rxc3 $1 $19 {[%mdl 512] and Black stays clearly on top.} 25. bxc3 d5) 25. Qd2 Qc7 (25... d5 $19 26. Nb3 Rhd8) 26. Nb3 d5 27. exd5 Nxd5 28. Ne4 Rcd8 (28... f5 $19 29. Ng5 Nxg5 30. Qxg5 Qe7 31. Qxe7+ Nxe7) 29. Rhe1 Ne7 ({Better is} 29... Nb6 30. Qe3 Bxe4 31. fxe4 Rd6) 30. Qf2 Rc8 31. Nc3 {[#]} (31. f4 $142) 31... Nd5 $1 32. Nxd5 Bxd5 33. Qe3 Bxb3 34. cxb3 {[#]} Rcd8 $1 35. Rc1 Qd6 36. Red1 Nd4 37. Bf1 (37. b4 $142) 37... Qf6 $19 38. Rc3 (38. Rd3 $142) 38... h4 39. gxh4 Rxh4 40. Re1 Rh1 41. Ka2 a5 42. Rc7 Nxf3 {Black is clearly winning.} 43. Rec1 Nd4 44. Bd3 Rxc1 45. Rxc1 Qe6 46. Rh1 {If White can now play Qh6+ this consolidates a bit.} Rh8 47. Re1 (47. Rxh8 $142 Kxh8 48. Kb1) 47... Rh3 {Quite a comeback for Black.  Weighted Error Value: White=0.51/Black=0.28} 0-1

[Event "14th SRB-ch Women 2020"]
[Site "Vrnjacka Banja"]
[Date "2020.12.12"]
[Round "8.1"]
[White "Velikic, Adela"]
[Black "Chelushkina, Irina"]
[Result "0-1"]
[WhiteElo "2278"]
[BlackElo "2224"]
[Annotator "NA"]
[PlyCount "168"]
[EventDate "2020.12.07"]
[EventType "tourn"]
[EventCountry "SRB"]
[SourceTitle "playchess.com"]
[Source "ChessBase"]
[SourceQuality "1"]
[TimeControl "40/5400+30:1800+30"]

1. e4 {[%emt 0:00:00]} c5 {[%emt 0:00:38]} 2. Nf3 {[%emt 0:00:00]} a6 {[%emt 0:00:04]} 3. c4 {[%emt 0:00:00]} d6 {[%emt 0:01:06]} 4. d4 {[%emt 0:00:00]} Nd7 {[%emt 0:00:54]} 5. d5 {[%emt 0:03:26]} g6 {[%emt 0:00:49]} 6. Nc3 {[%emt 0:02:07]} Bg7 {[%emt 0:00:05]} 7. Bd3 {[%emt 0:06:37]} Ngf6 {[%emt 0:03:06]} 8. h3 {[%emt 0:03:08]} O-O {[%emt 0:00:15]} 9. O-O {[%emt 0:00:26]} e5 {[%emt 0:00:26]} 10. a3 {[%emt 0:22:08]} Nh5 {[%emt 0:00:52]} 11. Rb1 {[%emt 0:08:37]} Nf4 {[%emt 0:00:34]} 12. Ne2 {[%emt 0:05:25]} Nxd3 {[%emt 0:06:59]} 13. Qxd3 {[%emt 0:00:05]} b5 {[%emt 0:00:02]} 14. b4 {[%emt 0:08:22]} cxb4 {[%emt 0:07:35]} 15. axb4 {[%emt 0:04:37]} bxc4 {[%emt 0:07:45]} 16. Qxc4 {[%emt 0:00:36]} Nb6 {[%emt 0:03:17]} 17. Qa2 {[%emt 0:05:50]} Bd7 {[%emt 0:06:01]} 18. Bg5 {[%emt 0:02:50]} f6 {[%emt 0:00:48]} 19. Be3 {[%emt 0:00:17]} Bb5 {[%emt 0:00:18]} 20. Rbc1 {[%emt 0:02:22]} Na4 {[%emt 0:00:53]} 21. Rfe1 {[%emt 0:05:51]} Qd7 {[%emt 0:01:39]} 22. Nc3 {[%emt 0:03:08]} Nxc3 {[%emt 0:00:44]} 23. Rxc3 {[%emt 0:01:03]} Rfc8 {[%emt 0:04:38]} 24. Rec1 {[%emt 0:00:42]} Rxc3 {[%emt 0:02:05]} 25. Rxc3 {[%emt 0:00:01]} Rc8 {[%emt 0:00:52]} 26. Qc2 {[%emt 0:00:39]} Rxc3 {[%emt 0:00:05]} 27. Qxc3 {[%emt 0:00:03]} Bf8 {[%emt 0:00:20]} 28. Nd2 {[%emt 0:10:06]} f5 {[%emt 0:06:41]} 29. exf5 {[%emt 0:04:05]} gxf5 {[%emt 0:00:24]} 30. Qc2 {[%emt 0:01:18]} Qf7 {[%emt 0:05:39]} 31. f4 {[%emt 0:01:03]} exf4 {[%emt 0:00:39]} 32. Bxf4 {[%emt 0:00:32]} Qxd5 {[%emt 0:00:26]} 33. Qc3 {[%emt 0:00:27]} h6 {[%emt 0:05:45]} 34. Qg3+ {[%emt 0:00:29]} Kh7 {[%emt 0:00:07]} 35. Kh2 {[%emt 0:00:19]} Bc6 {[%emt 0:06:51]} 36. Nf3 {[%emt 0:00:31]} Qg8 {[%emt 0:02:36]} 37. Qf2 {[%emt 0:00:25]} Qc4 {[%emt 0:08:19]} 38. Nh4 {[%emt 0:00:35]} Bd7 {[%emt 0:04:06]} 39. Qg3 {[%emt 0:00:22]} Qe6 {[%emt 0:00:18]} 40. Nf3 {[%emt 0:00:45]} Qf6 {[%emt 0:01:52]} 41. Qf2 {[%emt 0:03:53]} Bb5 {[%emt 0:09:36]} 42. Qb6 {[%emt 0:02:06]} Bf1 {[%emt 0:05:05]} 43. Kg1 {[%emt 0:06:41]} Bd3 {[%emt 0:04:46]} 44. Be5 {[%emt 0:08:21]} Qe7 {[%emt 0:01:34]} 45. Bc3 {[%emt 0:03:53]} Be4 {[%emt 0:03:28]} 46. Nd2 {[%emt 0:00:55]} Bb7 {[%emt 0:05:03]} 47. Qf2 {[%emt 0:02:16]} Qg5 {[%emt 0:02:48]} 48. Nf1 {[%emt 0:02:16]} h5 {[%emt 0:05:27]} 49. Bd2 {[%emt 0:02:49]} Qg6 {[%emt 0:00:05]} 50. Ng3 {[%emt 0:00:20]} Bc8 {[%emt 0:00:08]} 51. Bc3 {[%emt 0:00:28]} h4 {[%emt 0:07:40]} 52. Ne2 {[%emt 0:01:04]} Qg5 {[%emt 0:00:17]} 53. Nf4 {[%emt 0:01:10]} Qg3 {[%emt 0:02:51]} 54. Qa7+ {[%emt 0:00:51]} Kg8 {[%emt 0:00:18]} 55. Qd4 {[%emt 0:00:35]} Bg7 {[%emt 0:00:38]} 56. Qc4+ {[%emt 0:00:08]} Kh7 {[%emt 0:00:11]} 57. Ne2 {[%emt 0:00:52]} Qe3+ {[%emt 0:00:09]} 58. Kf1 {[%emt 0:00:28]} Bxc3 {[%emt 0:00:38]} 59. Qxc8 {[%emt 0:00:17]} Be5 {[%emt 0:01:02]} 60. Qxf5+ {[%emt 0:00:19]} Kh6 $11 {[%emt 0:00:24]} 61. Qf8+ {[%emt 0:00:32]} Kg6 {[%emt 0:00:35]} 62. Qe8+ {[%emt 0:00:40]} Kh6 {[%emt 0:00:30]} 63. Qe6+ {[%emt 0:00:18]} Kg7 {[%emt 0:00:38]} 64. Qg4+ {[%emt 0:01:31]} Kf7 {[%emt 0:00:10]} 65. Qxh4 {[%emt 0:00:00]} Qd2 {[%emt 0:00:13]} 66. Qh7+ {[%emt 0:00:18]} Ke6 {[%emt 0:00:07]} 67. Qe4 {[%emt 0:00:26]} d5 {[%emt 0:00:27]} 68. Qg6+ {[%emt 0:00:24]} Kd7 {[%emt 0:00:30]} 69. Qf7+ {[%emt 0:00:36]} Kd6 {[%emt 0:00:39]} 70. Qf8+ {[%emt 0:00:23]} Kd7 {[%emt 0:00:28]} 71. Qc5 {[%emt 0:00:38]} Qd3 {[%emt 0:01:05]} 72. h4 {[%emt 0:00:35]} Qb1+ {[%emt 0:00:24]} 73. Kf2 {[%emt 0:00:28]} Qe4 {[%emt 0:00:24]} 74. Qa7+ {[%emt 0:00:27]} Bc7 {[%emt 0:00:20]} 75. Qxa6 {[%emt 0:00:37]} Qxh4+ {[%emt 0:00:06]} 76. g3 {[%emt 0:00:20]} Qxb4 {[%emt 0:00:13]} 77. Qd3 {[%emt 0:00:16]} Qf8+ {[%emt 0:00:19]} 78. Kg2 {[%emt 0:00:14]} Qf7 {[%emt 0:00:32]} 79. Nc3 {[%emt 0:00:18]} Kd6 {[%emt 0:01:03]} 80. Nb5+ {[%emt 0:00:48]} Kd7 {[%emt 0:00:38]} 81. Nd4 {[%emt 0:00:08]} Kd8 {[%emt 0:01:12]} 82. Qb5 {[%emt 0:00:21]} Qg8 {[%emt 0:00:55]} 83. Qc6 {[%emt 0:00:32]} Qxg3+ {[%emt 0:00:09]} 84. Kf1 {[%emt 0:00:10]} Qf4+ {[%emt 0:00:10]} 0-1